UBT Library

Economics the Definitive Encyclopedia from theory to Practice (Record no. 56831)

000 -LEADER
fixed length control field 00376nam a22001457a 4500
008 - FIXED-LENGTH DATA ELEMENTS--GENERAL INFORMATION
fixed length control field 210427b ||||| |||| 00| 0 eng d
020 ## - INTERNATIONAL STANDARD BOOK NUMBER
International Standard Book Number 9781440847462
041 ## - LANGUAGE CODE
Language code of text/sound track or separate title eng
080 ## - UNIVERSAL DECIMAL CLASSIFICATION NUMBER
Universal Decimal Classification number 330.101.542
082 ## - DEWEY DECIMAL CLASSIFICATION NUMBER
Classification number 330.101.542
100 ## - Rafti
Rafti 52
101 ## - Shkurtesa
Shkurtesa MAKRO
245 ## - TITLE STATEMENT
Title Economics the Definitive Encyclopedia from theory to Practice
Statement of responsibility, etc David A. Dieterle
942 ## - ADDED ENTRY ELEMENTS (KOHA)
Source of classification or shelving scheme
Item type Books
Holdings
Withdrawn status Lost status Source of classification or shelving scheme Damaged status Not for loan Collection code Permanent location Current location Shelving location Date acquired Total Checkouts Full call number Barcode Date last seen Price effective from Koha item type
          Koleksioni i përgjithshem UBT - Lipjan UBT - Lipjan Koleksioni i përgjithshem 04/27/2021   330.101.542 DIE 002-7001577 04/27/2021 04/27/2021 Books
UBT Library © 2015-2024. All rights reserved University Education for Business and Technology